[Event "eytcc"]
[Site "?"]
[Date "2017.08.22"]
[Round "6.11"]
[White "Kozusek, Daniel"]
[Black "Schitco, Ivan"]
[Result "0-1"]
[BlackElo "2315"]
[WhiteElo "2296"]
[LiveChessVersion "1.4.4"]

1. d4 {[%clk 1:30:50]} Nf6 {[%clk 1:30:48]} 2. c4 {[%clk 1:31:14]} e6
{[%clk 1:31:00]} 3. Nf3 {[%clk 1:31:39]} c5 {[%clk 1:31:11]} 4. d5
{[%clk 1:32:03]} exd5 {[%clk 1:31:33]} 5. cxd5 {[%clk 1:32:27]} d6
{[%clk 1:31:57]} 6. h3 {[%clk 1:31:26]} g6 {[%clk 1:31:24]} 7. e4
{[%clk 1:31:45]} Bg7 {[%clk 1:30:33]} 8. Bd3 {[%clk 1:32:10]} O-O
{[%clk 1:30:12]} 9. O-O {[%clk 1:32:35]} Nbd7 {[%clk 1:29:58]} 10. Na3
{[%clk 1:27:45]} Qe7 {[%clk 1:25:41]} 11. Re1 {[%clk 1:26:29]} Nh5
{[%clk 1:18:21]} 12. Nc4 {[%clk 1:14:05]} b5 {[%clk 1:14:00]} 13. Na5
{[%clk 1:09:03]} c4 {[%clk 1:14:09]} 14. Bc2 {[%clk 1:02:32]} Ne5
{[%clk 0:59:24]} 15. Nxe5 {[%clk 0:59:00]} Bxe5 {[%clk 0:56:11]} 16. Nc6
{[%clk 0:58:03]} Qf6 {[%clk 0:56:09]} 17. Nxe5 {[%clk 0:58:28]} dxe5
{[%clk 0:56:36]} 18. Qe2 {[%clk 0:56:36]} Bd7 {[%clk 0:54:17]} 19. Bh6
{[%clk 0:46:17]} Rfc8 {[%clk 0:53:42]} 20. Qd2 {[%clk 0:46:25]} Qd6
{[%clk 0:50:43]} 21. g4 {[%clk 0:45:20]} Ng7 {[%clk 0:47:03]} 22. f4
{[%clk 0:41:07]} f6 {[%clk 0:45:59]} 23. fxe5 {[%clk 0:39:53]} fxe5
{[%clk 0:44:49]} 24. Be3 {[%clk 0:39:32]} b4 {[%clk 0:42:28]} 25. Qh2
{[%clk 0:37:10]} Qe7 {[%clk 0:38:34]} 26. Rad1 {[%clk 0:35:45]} h5
{[%clk 0:32:02]} 27. Qg3 {[%clk 0:33:18]} Kh7 {[%clk 0:30:39]} 28. Re2
{[%clk 0:31:22]} Rf8 {[%clk 0:28:36]} 29. Rg2 {[%clk 0:27:02]} h4
{[%clk 0:26:49]} 30. Qe1 {[%clk 0:27:22]} Rf3 {[%clk 0:25:26]} 31. d6
{[%clk 0:17:04]} Qf6 {[%clk 0:25:46]} 32. g5 {[%clk 0:17:02]} Qe6
{[%clk 0:26:08]} 33. Qxh4+ {[%clk 0:14:35]} Nh5 {[%clk 0:26:37]} 34. Re1
{[%clk 0:14:19]} Raf8 {[%clk 0:22:31]} 35. Rh2 {[%clk 0:13:01]} Rg3+
{[%clk 0:21:21]} 36. Kh1 {[%clk 0:12:52]} Rff3 {[%clk 0:21:45]} 37. Bd1
{[%clk 0:09:55]} Rxe3 {[%clk 0:20:28]} 38. Rxe3 {[%clk 0:10:17]} Rxe3
{[%clk 0:20:49]} 39. Bg4 {[%clk 0:10:29]} Qxd6 {[%clk 0:20:17]} 40. Bxh5
{[%clk 0:38:47]} gxh5 {[%clk 0:50:25]} 41. g6+ {[%clk 0:36:07]} Qxg6
{[%clk 0:49:50]} 0-1

[Event "eytcc"]
[Site "?"]
[Date "2017.08.22"]
[Round "6.12"]
[White "Martinovici, Ilie"]
[Black "Zeman, Matyas"]
[Result "0-1"]
[BlackElo "2168"]
[WhiteElo "2059"]
[LiveChessVersion "1.4.4"]

1. d4 {[%clk 1:30:55]} d5 {[%clk 1:30:49]} 2. c4 {[%clk 1:31:17]} c6
{[%clk 1:31:15]} 3. Nf3 {[%clk 1:30:27]} Nf6 {[%clk 1:31:39]} 4. Nc3
{[%clk 1:30:46]} e6 {[%clk 1:32:04]} 5. e3 {[%clk 1:31:04]} Nbd7 {[%clk 1:32:25]}
6. b3 {[%clk 1:31:29]} Be7 {[%clk 1:32:01]} 7. Bb2 {[%clk 1:31:50]} O-O
{[%clk 1:32:17]} 8. Bd3 {[%clk 1:32:13]} b6 {[%clk 1:31:42]} 9. O-O
{[%clk 1:29:01]} Bb7 {[%clk 1:31:16]} 10. Qc2 {[%clk 1:24:18]} h6
{[%clk 1:26:58]} 11. Rad1 {[%clk 1:23:37]} Rc8 {[%clk 1:25:57]} 12. e4
{[%clk 1:12:36]} dxe4 {[%clk 1:26:09]} 13. Nxe4 {[%clk 1:13:03]} Nxe4
{[%clk 1:22:22]} 14. Bxe4 {[%clk 1:13:20]} Nf6 {[%clk 1:22:46]} 15. Bd3
{[%clk 1:13:04]} Qc7 {[%clk 1:20:41]} 16. Qe2 {[%clk 1:05:20]} c5
{[%clk 1:14:15]} 17. Rfe1 {[%clk 1:03:56]} cxd4 {[%clk 1:13:54]} 18. Nxd4
{[%clk 1:04:16]} Bb4 {[%clk 1:10:33]} 19. Rf1 {[%clk 1:04:41]} Bc5
{[%clk 0:55:47]} 20. f4 {[%clk 0:55:17]} Rfe8 {[%clk 0:42:39]} 21. Kh1
{[%clk 0:55:21]} a6 {[%clk 0:42:51]} 22. Nc2 {[%clk 0:51:00]} Qe7
{[%clk 0:39:43]} 23. Ne3 {[%clk 0:49:55]} Ne4 {[%clk 0:34:34]} 24. Bxe4
{[%clk 0:34:39]} Bxe4 {[%clk 0:34:56]} 25. Ng4 {[%clk 0:35:07]} Bb7
{[%clk 0:29:52]} 26. Nxh6+ {[%clk 0:33:42]} Kf8 {[%clk 0:30:05]} 27. Ng4
{[%clk 0:28:31]} f6 {[%clk 0:28:19]} 28. Qc2 {[%clk 0:27:19]} Qf7
{[%clk 0:26:19]} 29. Ne5 {[%clk 0:26:19]} Qh5 {[%clk 0:25:21]} 30. Nd7+
{[%clk 0:24:58]} Kf7 {[%clk 0:24:23]} 31. Nxc5 {[%clk 0:18:41]} Rh8
{[%clk 0:19:16]} 32. Rd7+ {[%clk 0:18:11]} Ke8 {[%clk 0:17:49]} 0-1

[Event "eytcc"]
[Site "?"]
[Date "2017.08.22"]
[Round "6.13"]
[White "Thybo, Jesper Sondergaard"]
[Black "Ozer, Omer Faruk"]
[Result "0-1"]
[BlackElo "2411"]
[WhiteElo "2464"]
[LiveChessVersion "1.4.4"]

1. d4 {[%clk 1:30:59]} Nf6 {[%clk 1:30:54]} 2. c4 {[%clk 1:31:24]} e6
{[%clk 1:31:10]} 3. Nf3 {[%clk 1:31:19]} b6 {[%clk 1:31:22]} 4. g3
{[%clk 1:30:48]} Ba6 {[%clk 1:31:20]} 5. b3 {[%clk 1:31:13]} b5 {[%clk 1:30:50]}
6. Bg2 {[%clk 1:24:41]} bxc4 {[%clk 1:24:16]} 7. Ne5 {[%clk 1:24:43]} c6
{[%clk 1:19:22]} 8. bxc4 {[%clk 1:24:54]} Bb4+ {[%clk 1:10:34]} 9. Bd2
{[%clk 1:24:57]} Be7 {[%clk 1:10:58]} 10. c5 {[%clk 1:21:28]} O-O
{[%clk 1:04:38]} 11. O-O {[%clk 1:20:20]} Nd5 {[%clk 1:02:03]} 12. Re1
{[%clk 1:16:31]} d6 {[%clk 0:56:44]} 13. cxd6 Bxd6 {[%clk 0:57:12]} 14. e4
{[%clk 1:16:29]} Nb6 {[%clk 0:48:07]} 15. Bf4 {[%clk 1:11:13]} Bxe5
{[%clk 0:43:33]} 16. Bxe5 {[%clk 1:11:25]} Nc4 {[%clk 0:44:02]} 17. Bf4
{[%clk 1:08:44]} Nb2 {[%clk 0:43:48]} 18. Qd2 {[%clk 1:08:34]} Nd3
{[%clk 0:44:12]} 19. Rd1 {[%clk 1:08:48]} Qxd4 {[%clk 0:44:02]} 20. Nc3
{[%clk 1:09:02]} Qf6 {[%clk 0:37:59]} 21. e5 {[%clk 0:54:32]} Qe7
{[%clk 0:32:08]} 22. Ne4 {[%clk 0:45:20]} Nd7 {[%clk 0:31:15]} 23. Bg5
{[%clk 0:45:06]} f6 {[%clk 0:26:48]} 24. exf6 {[%clk 0:43:16]} gxf6
{[%clk 0:26:01]} 25. Bh4 {[%clk 0:43:02]} Rad8 {[%clk 0:14:52]} 26. Qc3
{[%clk 0:38:36]} N3e5 {[%clk 0:15:12]} 27. f4 {[%clk 0:37:46]} Ng6
{[%clk 0:15:03]} 28. Rxd7 {[%clk 0:37:44]} Qxd7 {[%clk 0:14:34]} 29. Nxf6+
{[%clk 0:38:09]} Rxf6 {[%clk 0:14:58]} 30. Bxf6 {[%clk 0:38:35]} Rc8
{[%clk 0:14:32]} 31. h4 {[%clk 0:33:39]} c5 {[%clk 0:12:53]} 32. h5
{[%clk 0:32:25]} Nf8 {[%clk 0:13:22]} 33. Qf3 {[%clk 0:32:31]} Kf7
{[%clk 0:13:19]} 34. Be5 {[%clk 0:30:55]} Rd8 {[%clk 0:13:23]} 35. Qg4
{[%clk 0:28:00]} c4 {[%clk 0:10:26]} 36. Be4 {[%clk 0:23:22]} Qb5
{[%clk 0:07:29]} 37. Rd1 {[%clk 0:19:59]} Rxd1+ {[%clk 0:07:50]} 38. Qxd1
{[%clk 0:20:26]} Bb7 {[%clk 0:07:57]} 39. a4 {[%clk 0:16:39]} Qc5+
{[%clk 0:06:24]} 40. Bd4 {[%clk 0:47:04]} Qc8 {[%clk 0:36:01]} 41. Qf3
{[%clk 0:33:29]} Qd7 {[%clk 0:35:17]} 42. Bf2 {[%clk 0:29:33]} Bxe4
{[%clk 0:34:46]} 43. Qxe4 {[%clk 0:29:59]} Qxa4 {[%clk 0:33:16]} 44. Qb7+
{[%clk 0:29:40]} Qd7 {[%clk 0:33:40]} 45. Qxa7 {[%clk 0:25:59]} Qxa7
{[%clk 0:23:58]} 46. Bxa7 {[%clk 0:26:24]} Nd7 {[%clk 0:22:34]} 47. Kf2
{[%clk 0:16:08]} Nf6 {[%clk 0:22:57]} 48. Ke3 {[%clk 0:15:28]} Nxh5
{[%clk 0:22:02]} 49. Kd4 {[%clk 0:15:47]} Nxg3 {[%clk 0:21:58]} 50. Kxc4
{[%clk 0:16:15]} Kf6 {[%clk 0:21:05]} 51. Kd3 {[%clk 0:16:36]} Kf5
{[%clk 0:21:28]} 52. Ke3 {[%clk 0:16:32]} Kg4 {[%clk 0:21:53]} 53. Bb8
{[%clk 0:16:01]} h5 {[%clk 0:21:59]} 54. Kf2 {[%clk 0:15:28]} h4 {[%clk 0:22:21]}
55. Bc7 {[%clk 0:15:37]} h3 {[%clk 0:22:21]} 56. Kg1 {[%clk 0:15:22]} Ne2+
{[%clk 0:22:44]} 57. Kh2 {[%clk 0:15:30]} Nxf4 {[%clk 0:23:12]} 58. Bd6
{[%clk 0:13:49]} Nd3 {[%clk 0:23:34]} 59. Bc7 {[%clk 0:12:33]} e5
{[%clk 0:23:57]} 0-1

[Event "eytcc"]
[Site "?"]
[Date "2017.08.22"]
[Round "6.14"]
[White "Gokerkan, Cem Kaan"]
[Black "Percivaldi, Martin"]
[Result "1-0"]
[BlackElo "2407"]
[WhiteElo "2357"]
[LiveChessVersion "1.4.4"]

1. e4 {[%clk 1:30:59]} e6 {[%clk 1:30:47]} 2. d4 {[%clk 1:31:08]} d5
{[%clk 1:31:08]} 3. Nd2 {[%clk 1:31:33]} c5 {[%clk 1:31:27]} 4. Ngf3
{[%clk 1:31:51]} cxd4 {[%clk 1:31:46]} 5. exd5 {[%clk 1:31:22]} Qxd5
{[%clk 1:32:07]} 6. Bc4 {[%clk 1:31:47]} Qd8 {[%clk 1:32:25]} 7. O-O
{[%clk 1:31:56]} Nc6 {[%clk 1:32:39]} 8. Nb3 {[%clk 1:32:11]} a6 {[%clk 1:32:49]}
9. Qe2 {[%clk 1:18:04]} b5 {[%clk 1:28:47]} 10. Bd3 {[%clk 1:18:13]} Bb7
{[%clk 1:26:47]} 11. a4 {[%clk 1:14:11]} b4 {[%clk 1:26:40]} 12. Rd1
{[%clk 1:09:25]} Nf6 {[%clk 1:24:52]} 13. Bc4 {[%clk 1:05:43]} Qc7
{[%clk 1:20:01]} 14. Nbxd4 {[%clk 1:03:31]} Nxd4 {[%clk 1:20:14]} 15. Rxd4
{[%clk 0:58:31]} Bc5 {[%clk 1:16:28]} 16. Rh4 {[%clk 0:56:38]} Bd6
{[%clk 1:06:09]} 17. Bg5 {[%clk 0:54:07]} Nd5 {[%clk 1:03:29]} 18. Re1
{[%clk 0:45:13]} Be7 {[%clk 0:49:36]} 19. Rd4 {[%clk 0:29:04]} Bxg5
{[%clk 0:37:06]} 20. Nxg5 {[%clk 0:29:24]} O-O {[%clk 0:35:19]} 21. Nxh7
{[%clk 0:28:23]} Kxh7 {[%clk 0:33:51]} 22. Qh5+ {[%clk 0:28:52]} Kg8
{[%clk 0:34:12]} 23. Rh4 {[%clk 0:29:14]} f6 {[%clk 0:27:55]} 24. Rxe6
{[%clk 0:29:28]} Rad8 {[%clk 0:23:37]} 25. Qg6 {[%clk 0:14:14]} Qxc4
{[%clk 0:19:20]} 26. Rh7 {[%clk 0:13:42]} Rd7 {[%clk 0:04:55]} 27. Qh5
{[%clk 0:13:59]} 1-0

[Event "eytcc"]
[Site "?"]
[Date "2017.08.22"]
[Round "6.15"]
[White "Bjerre, Jonas"]
[Black "Ozen, Deniz"]
[Result "0-1"]
[BlackElo "2380"]
[WhiteElo "2357"]
[LiveChessVersion "1.4.4"]

1. e4 {[%clk 1:30:56]} e6 {[%clk 1:30:52]} 2. d4 {[%clk 1:31:17]} d5
{[%clk 1:31:17]} 3. Nd2 {[%clk 1:31:38]} c5 {[%clk 1:31:40]} 4. Ngf3
{[%clk 1:31:51]} cxd4 {[%clk 1:31:18]} 5. Nxd4 {[%clk 1:31:52]} Nc6
{[%clk 1:31:30]} 6. Bb5 {[%clk 1:31:50]} Bd7 {[%clk 1:31:23]} 7. Nxc6
{[%clk 1:32:08]} bxc6 {[%clk 1:31:29]} 8. Bd3 {[%clk 1:32:21]} Bd6
{[%clk 1:31:27]} 9. Qe2 {[%clk 1:32:21]} Ne7 {[%clk 1:22:00]} 10. Nf3
{[%clk 1:31:12]} Ng6 {[%clk 1:20:02]} 11. O-O {[%clk 1:29:02]} Nf4
{[%clk 1:13:22]} 12. Bxf4 {[%clk 1:29:07]} Bxf4 {[%clk 1:13:50]} 13. c4
{[%clk 1:28:33]} O-O {[%clk 1:13:12]} 14. Rad1 {[%clk 1:27:12]} Qf6
{[%clk 0:58:02]} 15. Bb1 {[%clk 1:15:43]} g6 {[%clk 0:55:07]} 16. b3
{[%clk 1:01:05]} Rfe8 {[%clk 0:53:39]} 17. e5 {[%clk 0:53:05]} Qe7
{[%clk 0:53:20]} 18. g3 {[%clk 0:50:15]} Bh6 {[%clk 0:53:41]} 19. h4
{[%clk 0:49:21]} Bg7 {[%clk 0:51:35]} 20. h5 {[%clk 0:46:36]} c5 {[%clk 0:48:01]}
21. Qe3 {[%clk 0:37:39]} Bc6 {[%clk 0:43:51]} 22. Rfe1 {[%clk 0:35:28]} Rad8
{[%clk 0:38:28]} 23. cxd5 {[%clk 0:30:05]} exd5 {[%clk 0:35:22]} 24. Qf4
{[%clk 0:27:54]} d4 {[%clk 0:31:43]} 25. Be4 {[%clk 0:26:12]} Bxe4
{[%clk 0:30:33]} 26. Qxe4 {[%clk 0:25:33]} Qe6 {[%clk 0:30:05]} 27. hxg6
{[%clk 0:21:10]} fxg6 {[%clk 0:27:35]} 28. Kg2 {[%clk 0:18:46]} Qd5
{[%clk 0:26:23]} 29. e6 {[%clk 0:16:41]} Qxe4 {[%clk 0:25:17]} 30. Rxe4
{[%clk 0:17:06]} Rd6 {[%clk 0:24:53]} 31. Rc1 {[%clk 0:15:25]} Bh6
{[%clk 0:20:48]} 32. Rxc5 {[%clk 0:13:56]} d3 {[%clk 0:20:17]} 33. Rc7
{[%clk 0:13:10]} d2 {[%clk 0:16:58]} 34. Nxd2 {[%clk 0:13:30]} Bxd2
{[%clk 0:17:25]} 35. Rxa7 {[%clk 0:13:21]} Rdxe6 {[%clk 0:16:31]} 36. Rxe6
{[%clk 0:12:17]} Rxe6 {[%clk 0:16:59]} 37. Rb7 {[%clk 0:11:00]} Re1
{[%clk 0:11:23]} 38. a4 {[%clk 0:09:10]} Ra1 {[%clk 0:11:24]} 39. Kf3
{[%clk 0:08:38]} Ra2 {[%clk 0:11:31]} 40. Ke2 {[%clk 0:32:37]} Bc3+
{[%clk 0:40:48]} 41. Ke3 {[%clk 0:28:59]} Be1 {[%clk 0:40:53]} 42. g4
{[%clk 0:28:15]} Bxf2+ {[%clk 0:41:08]} 43. Kf4 {[%clk 0:28:13]} Bc5
{[%clk 0:31:55]} 44. Rb5 {[%clk 0:25:26]} Bd6+ {[%clk 0:31:14]} 45. Kf3
{[%clk 0:25:06]} Kf7 {[%clk 0:31:13]} 46. a5 {[%clk 0:22:01]} Ke6
{[%clk 0:31:01]} 47. Ke3 {[%clk 0:19:33]} Kd7 {[%clk 0:29:43]} 48. Kd4
{[%clk 0:18:19]} Kc6 {[%clk 0:29:50]} 49. Rb6+ {[%clk 0:18:30]} Kc7
{[%clk 0:30:08]} 50. Ra6 {[%clk 0:17:43]} h5 {[%clk 0:29:18]} 51. gxh5
{[%clk 0:14:54]} gxh5 {[%clk 0:29:46]} 52. Ra7+ {[%clk 0:14:36]} Kb8
{[%clk 0:28:55]} 53. Rd7 {[%clk 0:13:49]} Kc8 {[%clk 0:24:21]} 54. Ra7
{[%clk 0:12:09]} Bb8 {[%clk 0:23:05]} 55. Ra6 {[%clk 0:10:54]} Kb7
{[%clk 0:22:24]} 56. Rb6+ {[%clk 0:11:05]} Ka8 {[%clk 0:22:28]} 57. Rb5
{[%clk 0:11:06]} h4 {[%clk 0:21:42]} 58. Rh5 {[%clk 0:11:29]} Rh2
{[%clk 0:19:52]} 59. Kc5 {[%clk 0:09:31]} h3 {[%clk 0:20:14]} 60. Kb6
{[%clk 0:09:38]} Rh1 {[%clk 0:20:14]} 61. Rh8 {[%clk 0:09:08]} h2
{[%clk 0:20:26]} 62. a6 {[%clk 0:09:36]} Ra1 {[%clk 0:20:07]} 0-1

[Event "eytcc"]
[Site "?"]
[Date "2017.08.22"]
[Round "6.16"]
[White "Tuncer, Tuna"]
[Black "Jacobsen, Mikkel Manosri"]
[Result "1-0"]
[BlackElo "2219"]
[WhiteElo "2291"]
[LiveChessVersion "1.4.4"]

1. e4 {[%clk 1:30:51]} c6 {[%clk 1:30:55]} 2. d4 {[%clk 1:31:08]} d5
{[%clk 1:31:21]} 3. e5 {[%clk 1:31:26]} Bf5 {[%clk 1:31:46]} 4. g4
{[%clk 1:31:41]} Be4 {[%clk 1:31:57]} 5. f3 {[%clk 1:31:49]} Bg6 {[%clk 1:32:22]}
6. e6 {[%clk 1:32:05]} Qd6 {[%clk 1:28:25]} 7. exf7+ {[%clk 1:32:13]} Bxf7
{[%clk 1:28:51]} 8. Nh3 {[%clk 1:32:28]} Nd7 {[%clk 1:25:09]} 9. Bf4
{[%clk 1:29:48]} Qb4+ {[%clk 1:23:43]} 10. Nc3 {[%clk 1:29:08]} e5
{[%clk 1:18:37]} 11. dxe5 {[%clk 1:25:50]} Qxb2 {[%clk 1:18:34]} 12. Ne2
{[%clk 1:24:59]} Nxe5 {[%clk 0:45:29]} 13. Rb1 {[%clk 1:11:16]} Nxf3+
{[%clk 0:45:48]} 14. Kf2 {[%clk 1:11:41]} Bc5+ {[%clk 0:45:04]} 15. Kxf3
{[%clk 1:08:43]} Qxa2 {[%clk 0:44:33]} 16. Be5 {[%clk 0:38:36]} h5
{[%clk 0:29:52]} 17. Nef4 {[%clk 0:22:43]} hxg4+ {[%clk 0:29:03]} 18. Kg3
{[%clk 0:22:32]} Ne7 {[%clk 0:20:04]} 19. Bd3 {[%clk 0:22:29]} d4
{[%clk 0:18:15]} 20. Ng5 {[%clk 0:18:44]} Nd5 {[%clk 0:10:18]} 21. Ra1
{[%clk 0:17:19]} Qb2 {[%clk 0:09:53]} 22. Nxd5 {[%clk 0:17:26]} Bxd5
{[%clk 0:09:57]} 23. Qxg4 {[%clk 0:15:56]} Be7 {[%clk 0:07:49]} 24. Rhe1
{[%clk 0:11:25]} Qb4 {[%clk 0:06:09]} 25. Re2 {[%clk 0:09:55]} Kd8
{[%clk 0:05:18]} 26. Rae1 {[%clk 0:05:47]} a5 {[%clk 0:03:16]} 27. Bc7+
{[%clk 0:02:10]} Kxc7 {[%clk 0:03:44]} 28. Rxe7+ {[%clk 0:02:35]} Kb6
{[%clk 0:04:07]} 29. Qd7 {[%clk 0:02:17]} Ra7 {[%clk 0:04:22]} 30. Qc7+
{[%clk 0:02:00]} Kc5 {[%clk 0:04:49]} 31. R7e5 {[%clk 0:02:05]} 1-0

[Event "eytcc"]
[Site "?"]
[Date "2017.08.22"]
[Round "6.17"]
[White "Winiarski, Mikolaj"]
[Black "Pacan-Milej, Kosma"]
[Result "1-0"]
[BlackElo "2338"]
[WhiteElo "2269"]
[LiveChessVersion "1.4.4"]

1. c4 {[%clk 1:30:13]} c6 {[%clk 1:30:41]} 2. e4 {[%clk 1:30:25]} d5
{[%clk 1:30:56]} 3. exd5 {[%clk 1:30:47]} cxd5 {[%clk 1:31:22]} 4. d4
{[%clk 1:31:08]} Nf6 {[%clk 1:30:39]} 5. Nc3 {[%clk 1:31:32]} Nc6
{[%clk 1:30:59]} 6. Bg5 {[%clk 1:27:24]} Be6 {[%clk 1:26:36]} 7. Nf3
{[%clk 1:15:00]} g6 {[%clk 1:15:57]} 8. cxd5 {[%clk 0:48:11]} Nxd5
{[%clk 1:15:58]} 9. Bb5 {[%clk 0:46:53]} Bg7 {[%clk 1:13:47]} 10. O-O
{[%clk 0:46:13]} O-O {[%clk 1:13:54]} 11. h3 {[%clk 0:46:17]} Rc8
{[%clk 1:13:07]} 12. Re1 {[%clk 0:45:18]} a6 {[%clk 1:10:05]} 13. Nxd5
{[%clk 0:34:07]} Qxd5 {[%clk 0:23:15]} 14. Bxc6 {[%clk 0:34:29]} Qxc6
{[%clk 0:21:49]} 15. Bxe7 {[%clk 0:34:50]} Rfe8 {[%clk 0:22:16]} 16. Bb4
{[%clk 0:26:45]} Bd5 {[%clk 0:20:38]} 17. Rxe8+ {[%clk 0:24:08]} Rxe8
{[%clk 0:20:36]} 18. Bc3 {[%clk 0:24:28]} b5 {[%clk 0:18:57]} 19. a3
{[%clk 0:21:42]} Be4 {[%clk 0:14:32]} 20. Qe2 {[%clk 0:20:02]} Bd5
{[%clk 0:08:37]} 21. Qd3 {[%clk 0:19:51]} Be4 {[%clk 0:05:01]} 22. Qe3
{[%clk 0:19:46]} Bd5 {[%clk 0:05:16]} 23. Qf4 {[%clk 0:19:35]} h6
{[%clk 0:04:19]} 24. Qg3 {[%clk 0:17:55]} Qb6 {[%clk 0:02:57]} 25. Ne5
{[%clk 0:17:38]} a5 {[%clk 0:02:17]} 26. Nd7 {[%clk 0:14:31]} Qc6
{[%clk 0:02:30]} 27. Ne5 {[%clk 0:14:52]} Qb6 {[%clk 0:02:47]} 28. b4
{[%clk 0:13:28]} Qc7 {[%clk 0:02:07]} 29. bxa5 {[%clk 0:13:04]} g5
{[%clk 0:00:53]} 30. Bb4 {[%clk 0:08:04]} f6 {[%clk 0:00:57]} 31. Nf3
{[%clk 0:07:42]} Qc4 {[%clk 0:00:58]} 32. Qd6 {[%clk 0:03:58]} f5
{[%clk 0:00:39]} 33. Rd1 {[%clk 0:02:05]} Bxf3 34. gxf3 {[%clk 0:02:20]} Qb3
{[%clk 0:00:50]} 35. Rc1 {[%clk 0:00:51]} Qxf3 {[%clk 0:00:58]} 36. Qc6
{[%clk 0:00:44]} Re4 {[%clk 0:01:07]} 37. Qc3 {[%clk 0:00:48]} Qf4
{[%clk 0:01:07]} 38. Qd2 {[%clk 0:00:48]} Qh4 {[%clk 0:01:07]} 39. Rc3
{[%clk 0:00:38]} Rxd4 {[%clk 0:00:42]} 40. Rd3 {[%clk 0:30:52]} Qe4
{[%clk 0:30:46]} 41. Rxd4 {[%clk 0:28:26]} Qxd4 {[%clk 0:13:04]} 42. a6
{[%clk 0:21:53]} Qb6 {[%clk 0:07:27]} 43. Qd5+ {[%clk 0:20:54]} Kh8
{[%clk 0:06:44]} 44. Qb7 {[%clk 0:20:32]} Qxb7 {[%clk 0:05:59]} 45. axb7
{[%clk 0:20:55]} Be5 {[%clk 0:06:27]} 46. Bc3 1-0

[Event "eytcc"]
[Site "?"]
[Date "2017.08.22"]
[Round "6.18"]
[White "Baum, Jonasz"]
[Black "Chylewski, Patryk"]
[Result "0-1"]
[BlackElo "2241"]
[WhiteElo "2294"]
[LiveChessVersion "1.4.4"]

1. e4 {[%clk 1:30:58]} c5 {[%clk 1:30:33]} 2. Nf3 {[%clk 1:31:22]} d6
{[%clk 1:30:55]} 3. d4 {[%clk 1:31:49]} cxd4 {[%clk 1:31:20]} 4. Nxd4
{[%clk 1:32:14]} Nf6 {[%clk 1:31:45]} 5. Nc3 {[%clk 1:32:40]} a6 {[%clk 1:31:53]}
6. h3 {[%clk 1:33:01]} e5 {[%clk 1:31:40]} 7. Nde2 {[%clk 1:33:24]} h5
{[%clk 1:31:08]} 8. Bg5 {[%clk 1:33:49]} Be7 {[%clk 1:31:33]} 9. Bxf6
{[%clk 1:34:07]} Bxf6 {[%clk 1:31:57]} 10. Nd5 {[%clk 1:34:30]} Bg5
{[%clk 1:31:40]} 11. Nec3 {[%clk 1:34:45]} Be6 {[%clk 1:31:28]} 12. Bc4
{[%clk 1:34:06]} h4 {[%clk 1:29:23]} 13. O-O {[%clk 1:26:48]} Nc6
{[%clk 1:21:27]} 14. Bb3 {[%clk 1:24:55]} O-O {[%clk 1:17:47]} 15. a4
{[%clk 1:23:47]} Rc8 {[%clk 1:11:51]} 16. Qd3 {[%clk 1:23:17]} Qa5
{[%clk 1:04:24]} 17. Ba2 {[%clk 1:19:05]} Nb4 {[%clk 1:00:50]} 18. Qe2
{[%clk 1:05:37]} Nxa2 {[%clk 0:50:54]} 19. Rxa2 {[%clk 1:05:49]} Qc5
{[%clk 0:50:05]} 20. Rd1 {[%clk 0:52:37]} g6 {[%clk 0:45:33]} 21. Ra3
{[%clk 0:48:53]} Bd8 {[%clk 0:35:48]} 22. Rb3 {[%clk 0:48:02]} Rb8
{[%clk 0:29:35]} 23. Rb4 {[%clk 0:34:14]} Kg7 {[%clk 0:27:00]} 24. Rc4
{[%clk 0:33:35]} Qa7 {[%clk 0:27:08]} 25. b4 {[%clk 0:24:04]} Bd7
{[%clk 0:10:07]} 26. b5 {[%clk 0:17:48]} Ba5 {[%clk 0:07:24]} 27. Qf3
{[%clk 0:16:45]} f5 {[%clk 0:06:15]} 28. exf5 {[%clk 0:05:02]} Bxf5
{[%clk 0:04:36]} 29. Ne4 {[%clk 0:01:08]} Bxe4 {[%clk 0:03:59]} 30. Qxe4
{[%clk 0:01:26]} Qxf2+ {[%clk 0:04:16]} 31. Kh1 {[%clk 0:01:52]} axb5
{[%clk 0:02:00]} 32. axb5 {[%clk 0:01:45]} Bd8 {[%clk 0:02:11]} 33. Ne3
{[%clk 0:01:06]} Bg5 {[%clk 0:00:42]} 34. Ng4 {[%clk 0:00:45]} Qf7
{[%clk 0:00:43]} 35. b6 {[%clk 0:00:48]} Rbc8 {[%clk 0:01:06]} 36. Ra4
{[%clk 0:00:33]} Rc6 {[%clk 0:01:16]} 37. c4 {[%clk 0:00:33]} Rxb6
{[%clk 0:01:09]} 38. c5 {[%clk 0:00:59]} Rb2 {[%clk 0:00:53]} 39. Raa1
{[%clk 0:00:36]} Qf5 {[%clk 0:00:38]} 40. Qe1 {[%clk 0:30:33]} dxc5
{[%clk 0:30:36]} 41. Qc3 {[%clk 0:19:01]} Rc2 {[%clk 0:17:41]} 42. Qb3
{[%clk 0:17:42]} Qe4 {[%clk 0:14:29]} 43. Rd7+ {[%clk 0:17:19]} Kh8
{[%clk 0:14:36]} 44. Qxb7 {[%clk 0:17:23]} Qxb7 {[%clk 0:14:01]} 45. Rxb7
{[%clk 0:17:45]} Rc1+ {[%clk 0:06:25]} 46. Rxc1 {[%clk 0:18:06]} Bxc1
{[%clk 0:06:51]} 47. g3 {[%clk 0:16:00]} hxg3 {[%clk 0:05:19]} 48. Nxe5
{[%clk 0:16:18]} Rf2 {[%clk 0:03:25]} 49. Nxg6+ {[%clk 0:07:57]} Kg8
{[%clk 0:03:53]} 50. Ne7+ {[%clk 0:07:58]} Kf8 {[%clk 0:04:11]} 51. Ng6+
{[%clk 0:08:16]} Kg8 {[%clk 0:04:14]} 52. Ne7+ {[%clk 0:08:19]} Kf8
{[%clk 0:04:41]} 53. Ng6+ {[%clk 0:08:43]} Ke8 {[%clk 0:04:38]} 54. Re7+
{[%clk 0:08:27]} Kd8 {[%clk 0:05:06]} 55. Re1 {[%clk 0:08:41]} Rh2+
{[%clk 0:04:22]} 56. Kg1 {[%clk 0:09:04]} Bb2 {[%clk 0:04:35]} 57. Nf4
{[%clk 0:09:04]} Bd4+ {[%clk 0:04:38]} 58. Kf1 {[%clk 0:09:14]} Rf2+
{[%clk 0:04:58]} 59. Kg1 {[%clk 0:09:35]} Rxf4+ {[%clk 0:05:20]} 0-1